000 00196 a2200085 4500
020 _a ‎ 978-1465462909
100 _aDK
245 _aThe Arts: A Visual Encyclopedia
260 _b DK Children
_c 2017
999 _c13214
_d13214